Zlepšenie podnikateľského prostredia

Pokračovanie z predchádzajúceho čísla. Vymedzenie zákona č. 461/2003 Z. z. o sociálnom poistení. Povinnosti poistenca, poberateľa dávky, SZČO a zamestnávateľa. Oprávnenia a povinnosti kontrolovaného subjektu. Protokol o výsledku kontroly.

Salvato in:
Dettagli Bibliografici
Autore principale: Trizuliak, Tibor
Natura: Capitolo di libro
Lingua:slovacco
Soggetti:
Tags: Aggiungi Tag
Nessun Tag, puoi essere il primo ad aggiungerne!!

MARC

LEADER 00000naa a2200000 4500
001 0273021
005 20210413132257.3
041 0 |a slo 
044 |a SK 
245 1 0 |a Zlepšenie podnikateľského prostredia  |c Tibor Trizuliak 
520 |a Pokračovanie z predchádzajúceho čísla. Vymedzenie zákona č. 461/2003 Z. z. o sociálnom poistení. Povinnosti poistenca, poberateľa dávky, SZČO a zamestnávateľa. Oprávnenia a povinnosti kontrolovaného subjektu. Protokol o výsledku kontroly. 
610 2 0 |a zamestnávatelia 
610 2 0 |a prostredie podnikateľské 
610 2 0 |a poistenie sociálne 
610 2 0 |a sporenie dôchodkové starobné 
610 2 0 |a poistné 
610 2 0 |a osoby samostatne zárobkovo činné 
100 1 |a Trizuliak, Tibor